000 01385nam a2200265 i 4500
003 DO-SdBNP
005 20240711092816.0
007 ta
008 240711s1982 dr 001 0 spa d
020 _a0852004613
040 _aDO-SdBNP
_bspa
_cBNPHU
_erda
082 _bF452
_222
245 1 0 _aLa fiebre reumática :
_bcómo reconocerla, prevenirla y curarla /
_cAngelo Taranta, Milton Markowitz ; traductor P. Aguialar
264 1 _aBoston, Lancaster :
_bMTP Press Limited,
_c1982.
300 _a105 páginas,
_c22 cm.
336 _2rdacontent
_atexto
_btxt
337 _2rdamedia
_asin mediación
_bn
338 _2rdacarrier
_avolumen
_bnc
505 _aPrólogo 7 -- Introducción 9 -- Definición, breve historia e importancia 11 -- Etiología, patogenia, patología 18 -- Manifestaciones clínicas 30 -- Pruebas de laboratorio 43 -- Diagnóstico 47 -- Diagnóstico diferencial 53 -- Tratamiento 63 -- Secuelas de la fiebre reumática 70 -- Recidivas reumáticas 76 -- Prevención de ataques recurrentes 81 -- Prevención de los primeros ataques de fiebre reumática 90 -- Función del personal no médico en los programas de prevención de la fiebre reumática 97 -- Fuentes seleccionadas 101 -- Índice 103
590 _aInventariado, 2024/ DG
700 _aMarkowitz, Milton
_eautor
_985934
700 _aAguilar, P.
_etraductor
_986038
910 _aDG
942 _2ddc
_cLBS1
999 _c57250
_d57250